[Event "40th World Junior Girls"]
[Site "Gandhinagar IND"]
[Date "2024.06.10"]
[Round "8.21"]
[White "Donghvani, Nia"]
[Black "Koksa, Jelena"]
[Result "1-0"]
[WhiteElo "2070"]
[BlackElo "1842"]
[WhiteFideId "13614649"]
[BlackFideId "14544776"]
[EventDate "2024.06.02"]

1. c4 e5 2. Nc3 Nc6 3. Nf3 d6 4. d4 Bg4 5. d5 Nb8 6. e4 Nd7 7. h3 Bxf3 8. Qxf3
Be7 9. Be2 Bg5 10. Qg3 Bxc1 11. Rxc1 g6 12. O-O Ne7 13. b4 O-O 14. f4 f5 15.
fxe5 Nxe5 16. Rf4 Qd7 17. Rcf1 a5 18. b5 b6 19. a4 Rf7 20. Bd3 Raf8 21. exf5
Nxf5 22. Bxf5 Rxf5 23. Ne4 Rxf4 24. Rxf4 Rxf4 25. Qxf4 Qf7 26. Qh4 Qd7 27. Nf6+ 1-0

[Event "40th World Junior Girls"]
[Site "Gandhinagar IND"]
[Date "2024.06.10"]
[Round "8.22"]
[White "Mrudul, Dehankar"]
[Black "Chinnam, Vyshnavi"]
[Result "1-0"]
[WhiteTitle "WIM"]
[BlackTitle "WCM"]
[WhiteElo "2028"]
[BlackElo "1830"]
[WhiteFideId "25096990"]
[BlackFideId "35061690"]
[EventDate "2024.06.02"]

1. e4 e6 2. d4 d5 3. e5 c5 4. c3 Nc6 5. Nf3 Qb6 6. Bd3 cxd4 7. O-O Bd7 8. Re1
Nge7 9. h4 h6 10. h5 Rc8 11. Na3 dxc3 12. bxc3 a6 13. Rb1 Qc7 14. Nc2 Na5 15.
Bd2 Nec6 16. Qe2 b5 17. Nfd4 Nc4 18. Bf4 Qa5 19. Nxc6 Rxc6 20. Nd4 Rc8 21. Rbc1
Qa3 22. Rc2 Nb6 23. Bc1 Qe7 24. Bd2 Nc4 25. Bf4 Nb6 26. Bd2 Kd8 27. Rb1 Nc4 28.
Rcc1 Be8 29. a4 bxa4 30. Bxc4 Rxc4 31. Rb8+ Rc8 32. Rxc8+ Kxc8 33. c4 Qb7 34.
cxd5+ Kb8 35. d6 g6 36. Qd3 Bb5 37. Nxb5 axb5 38. Rb1 Qc6 39. Rxb5+ Ka8 40. Qb1
Bxd6 41. Ra5+ 1-0

[Event "40th World Junior Girls"]
[Site "Gandhinagar IND"]
[Date "2024.06.10"]
[Round "8.23"]
[White "Kheerthi, Ganta"]
[Black "Arya G Mallar"]
[Result "1-0"]
[WhiteTitle "WFM"]
[WhiteElo "1987"]
[BlackElo "1725"]
[WhiteFideId "25626280"]
[BlackFideId "25115324"]
[EventDate "2024.06.02"]

1. d4 Nf6 2. Nf3 d5 3. e3 e6 4. Bd3 c5 5. b3 Nc6 6. Bb2 cxd4 7. exd4 Bd6 8. O-O
O-O 9. Nbd2 Nb4 10. Be2 b6 11. a3 Nc6 12. Bd3 Bb7 13. Ne5 Rc8 14. f4 Ne7 15. Qe2
Rc7 16. Rf3 Qa8 17. Rh3 Ne4 18. Rf1 a5 19. Rff3 f6 20. Ng4 Rfc8 21. Rf1 Rxc2 22.
Bxe4 dxe4 23. Nxf6+ gxf6 24. Qg4+ Kf8 25. Rxh7 R2c5 26. dxc5 Rxc5 27. Qxe6 Bd5
28. Qxf6+ Ke8 29. Qxd6 Qb7 30. Bf6 Rc7 31. Bxe7 Rxe7 32. Rxe7+ Qxe7 33. Qxe7+
Kxe7 34. Nxe4 Bxb3 35. f5 a4 36. f6+ Kf8 37. Nd6 Bf7 38. Nxf7 Kxf7 39. g4 b5 40.
g5 b4 41. axb4 a3 42. g6+ Kxg6 43. f7 a2 44. f8=Q a1=Q 45. Qf5+ Kh6 46. Rxa1 Kg7
47. Ra7+ Kg8 48. Qc8# 1-0

[Event "40th World Junior Girls"]
[Site "Gandhinagar IND"]
[Date "2024.06.10"]
[Round "8.24"]
[White "Marium, Fatima"]
[Black "Jain Ashita"]
[Result "1-0"]
[WhiteElo "1905"]
[BlackElo "1744"]
[WhiteFideId "45073058"]
[BlackFideId "25181971"]
[EventDate "2024.06.02"]

1. d4 d5 2. c4 e6 3. Nf3 Nf6 4. g3 Be7 5. Bg2 O-O 6. O-O c6 7. Qc2 b6 8. Ne5 Bb7
9. cxd5 Nxd5 10. Rd1 Qc8 11. e4 Nf6 12. Nc3 Nbd7 13. Bg5 h6 14. Nxd7 Qxd7 15.
Bxf6 Bxf6 16. e5 Be7 17. Qe2 Qc7 18. Qg4 c5 19. d5 exd5 20. Nxd5 Bxd5 21. Bxd5
Rad8 22. Qf5 c4 23. h4 Bc5 24. Kh2 Rde8 25. f4 b5 26. Re1 c3 27. bxc3 Bf2 28.
Rec1 Rd8 29. c4 bxc4 30. Bxc4 Rd2 31. Rc2 Rfd8 32. Kh3 Rxc2 33. Qxc2 Qc8+ 34. e6
fxe6 35. f5 Kh8 36. fxe6 Qc5 37. Rf1 Rf8 38. Qe4 Qe7 39. Bd3 g6 40. Qxg6 Rf6 41.
Qg4 Rf8 42. Qe4 Rf6 43. Kg2 Rxe6 44. Qa8+ Kg7 45. Rxf2 Qc5 46. Qb7+ Re7 47. Qf3
Rc7 48. Qf6+ Kg8 49. Qg6+ Kh8 50. Qxh6+ Kg8 51. Bc4+ Qxc4 52. Rf8# 1-0

[Event "40th World Junior Girls"]
[Site "Gandhinagar IND"]
[Date "2024.06.10"]
[Round "8.25"]
[White "Brito Carrascal, Isabela"]
[Black "Peglau, Charis"]
[Result "1-0"]
[BlackTitle "WFM"]
[WhiteElo "1810"]
[BlackElo "2088"]
[WhiteFideId "4456122"]
[BlackFideId "16219996"]
[EventDate "2024.06.02"]

1. e4 d6 2. d4 g6 3. Nf3 Bg7 4. Be2 Nf6 5. Nbd2 O-O 6. O-O Bg4 7. c3 c6 8. Qc2
Nbd7 9. h3 Bxf3 10. Nxf3 e5 11. dxe5 dxe5 12. Be3 Qe7 13. Rfd1 Nc5 14. Nd2 Rfd8
15. b4 Ncd7 16. Nc4 c5 17. b5 Nb6 18. Na5 Rac8 19. a4 h5 20. Nb3 Rxd1+ 21. Rxd1
Kh7 22. a5 Nbd7 23. Nd2 Bh6 24. Bxh6 Kxh6 25. Nc4 b6 26. Nd6 Rf8 27. a6 Kh7 28.
Bc4 Ne8 29. Nc8 Qd8 30. Nxa7 Qc7 31. Nc6 Nef6 32. a7 Kg7 33. Qa2 Ra8 34. f3 Nf8
35. Rd8 1-0

[Event "40th World Junior Girls"]
[Site "Gandhinagar IND"]
[Date "2024.06.10"]
[Round "8.26"]
[White "Shanmathi Sree S"]
[Black "Cassi, Elisa"]
[Result "1-0"]
[BlackTitle "WFM"]
[WhiteElo "1854"]
[BlackElo "2028"]
[WhiteFideId "25966413"]
[BlackFideId "2817220"]
[EventDate "2024.06.02"]

1. e4 c6 2. d4 d5 3. e5 Bf5 4. g4 Be4 5. Nf3 e6 6. Bd3 Bxd3 7. Qxd3 h5 8. g5 Ne7
9. Nh4 c5 10. g6 Nbc6 11. gxf7+ Kxf7 12. Nd2 Nxd4 13. Ndf3 Nxf3+ 14. Qxf3+ Ke8
15. Bg5 Qc7 16. Qg3 Nc6 17. Ng6 Rg8 18. O-O-O Qf7 19. Nf4 Be7 20. Bxe7 Nxe7 21.
Nd3 Rc8 22. Rhg1 Nf5 23. Qg2 c4 24. Nf4 g5 25. Nxd5 exd5 26. e6 Qc7 27. Qxd5 Ne7
28. Qd7+ Kf8 29. Qxc7 Rxc7 30. Rd8+ Kg7 31. Rxg5+ Kh7 32. Rgxg8 Nxg8 33. Rd7+ 1-0

[Event "40th World Junior Girls"]
[Site "Gandhinagar IND"]
[Date "2024.06.10"]
[Round "8.27"]
[White "Nagyova, Daniela"]
[Black "Yashvi Jain"]
[Result "0-1"]
[WhiteElo "1958"]
[BlackElo "1729"]
[WhiteFideId "390070"]
[BlackFideId "25984446"]
[EventDate "2024.06.02"]

1. e4 e5 2. Nf3 Nc6 3. Bc4 Bc5 4. b4 Bxb4 5. c3 Ba5 6. d4 d6 7. Qb3 Qd7 8. dxe5
Bb6 9. Bb5 Nge7 10. O-O a6 11. Ba4 Bc5 12. c4 O-O 13. Nc3 Qg4 14. exd6 Bxd6 15.
Re1 Qh5 16. Ne2 Bg4 17. Ng3 Bxg3 18. hxg3 Bxf3 19. Qxf3 Qa5 20. Bf4 Qxa4 21.
Bxc7 Ng6 22. Bd6 Rfd8 23. c5 Nge5 24. Qc3 f6 25. Rab1 b5 26. Rbd1 Qxa2 27. f4
Nf7 28. e5 fxe5 29. fxe5 Qe6 30. Rd3 b4 31. Qd2 a5 32. Rde3 a4 33. Qe2 b3 34.
Qb2 Na5 35. Re4 Nb7 36. Qa3 Qe8 37. Bc7 Rdc8 38. Bb6 Ng5 39. R4e3 Ne6 40. Rc3
Qb5 41. Rec1 Nd4 42. c6 Ne2+ 43. Kh1 Qxb6 44. cxb7 Qh6# 0-1

[Event "40th World Junior Girls"]
[Site "Gandhinagar IND"]
[Date "2024.06.10"]
[Round "8.28"]
[White "Divyabharathi, Masanam"]
[Black "Kanishka S"]
[Result "0-1"]
[WhiteElo "1821"]
[BlackElo "1882"]
[WhiteFideId "45018421"]
[BlackFideId "25731564"]
[EventDate "2024.06.02"]

1. e4 c5 2. Nf3 d6 3. d4 cxd4 4. Nxd4 Nf6 5. Nc3 a6 6. Be2 e5 7. Nb3 Be7 8. O-O
O-O 9. Be3 Be6 10. Qd2 Nbd7 11. a4 Nb6 12. a5 Nc4 13. Bxc4 Bxc4 14. Rfd1 Rc8 15.
f3 Qe8 16. Nc1 d5 17. Nxd5 Nxd5 18. exd5 Bxd5 19. Bb6 Bc6 20. Nd3 f6 21. Nb4
Bxb4 22. Qxb4 Qg6 23. Rd2 Kh8 24. Ra3 Rfe8 25. Rad3 e4 26. fxe4 Bxe4 27. Rg3 Qf7
28. c3 Bc6 29. h3 Re1+ 30. Kh2 Rce8 31. Rd8 h5 32. Rxe8+ Qxe8 33. Qf4 Re4 34.
Qc7 Re7 35. Qf4 Re2 36. Qc7 Qd7 37. Qb8+ Kh7 38. Bd4 Qd5 39. h4 Rxg2+ 40. Kh3
Qf5+ 0-1

[Event "40th World Junior Girls"]
[Site "Gandhinagar IND"]
[Date "2024.06.10"]
[Round "8.29"]
[White "Padmini S"]
[Black "Rejepova, Jahan"]
[Result "0-1"]
[WhiteElo "1872"]
[BlackElo "1816"]
[WhiteFideId "25782738"]
[BlackFideId "14006480"]
[EventDate "2024.06.02"]

1. e4 e6 2. Nc3 d5 3. Nf3 d4 4. Ne2 c5 5. b4 Nf6 6. e5 Nfd7 7. bxc5 Bxc5 8. c3
dxc3 9. d4 Bb4 10. Qb3 Nc6 11. Nxc3 Nb6 12. Bb5 Bd7 13. Bd2 Bxc3 14. Bxc3 Nd5
15. Bd2 O-O 16. O-O Qb6 17. Rab1 Rac8 18. Qd3 Ncb4 19. Bxd7 Nxd3 20. Rxb6 Nxb6
21. Bxc8 Rxc8 22. Ra1 Rc2 23. Kf1 Nc4 24. Ke2 Nxf2 25. Rc1 Rxc1 26. Bxc1 Ng4 27.
h3 Nh6 28. Kd3 Nb6 29. g4 Nd5 30. Kc4 Kf8 31. Ng5 Kg8 32. Ne4 Kf8 33. Ng5 Kg8
34. Bd2 Nc7 35. Kc5 f6 36. Ne4 f5 37. Bxh6 fxe4 38. Bd2 Nd5 39. Kd6 Kf7 40. a4
e3 41. Be1 e2 42. a5 b5 43. axb6 axb6 44. Kc6 Ne3 45. Kd7 b5 46. Kc6 Nc2 47. d5
Nxe1 48. Kd7 Nf3 49. dxe6+ Kg6 50. e7 Nxe5+ 51. Ke6 e1=Q 52. e8=Q+ Nf7+ 0-1

[Event "40th World Junior Girls"]
[Site "Gandhinagar IND"]
[Date "2024.06.10"]
[Round "8.30"]
[White "Barwinska, Ewa"]
[Black "Advika Sarupria"]
[Result "1-0"]
[WhiteTitle "WFM"]
[WhiteElo "2106"]
[BlackElo "1587"]
[WhiteFideId "21833761"]
[BlackFideId "25968858"]
[EventDate "2024.06.02"]

1. e4 e6 2. d3 d5 3. Qe2 Be7 4. Nf3 c5 5. g3 Nc6 6. Bg2 Nf6 7. O-O O-O 8. e5 Nd7
9. c4 d4 10. h4 Re8 11. Bf4 f6 12. exf6 Bxf6 13. Ng5 Nf8 14. Ne4 e5 15. Bg5 Qe7
16. Nxf6+ gxf6 17. Bh6 Nd8 18. Nd2 Nf7 19. Bxf8 Kxf8 20. Qh5 Kg8 21. Rae1 Nd6
22. f4 Qg7 23. fxe5 fxe5 24. Ne4 Bg4 25. Qxg4 Qxg4 26. Nf6+ Kg7 27. Nxg4 1-0

[Event "40th World Junior Girls"]
[Site "Gandhinagar IND"]
[Date "2024.06.10"]
[Round "8.31"]
[White "Saniya Rafique Tadavi"]
[Black "Anishka, Vikram"]
[Result "1-0"]
[BlackTitle "WCM"]
[WhiteElo "1754"]
[BlackElo "2048"]
[WhiteFideId "25912461"]
[BlackFideId "45013314"]
[EventDate "2024.06.02"]

1. e4 c5 2. Nf3 d6 3. d4 cxd4 4. Nxd4 Nf6 5. Nc3 g6 6. Be3 Bg7 7. f3 O-O 8. Qd2
Nc6 9. O-O-O d5 10. exd5 Nxd5 11. Nxc6 bxc6 12. Bd4 e5 13. Bc5 Re8 14. Bc4 Be6
15. Ne4 Qc7 16. h4 Rad8 17. Qf2 Nc3 18. Rxd8 Rxd8 19. Bxe6 Nxe4 20. fxe4 fxe6
21. Bxa7 Ra8 22. Bb6 Qb7 23. Rd1 Bh6+ 24. Kb1 Rb8 25. Qf6 Qxb6 26. Qxe6+ Kh8 27.
b3 Qc5 28. h5 Rg8 29. hxg6 Rxg6 30. Rd8+ Bf8 31. Qf7 Rg8 32. a4 Qg1+ 33. Kb2 Qc5
34. Qf6+ Bg7 35. Rxg8+ Kxg8 36. Qe6+ Kf8 37. Qf5+ Kg8 38. Qe6+ Kf8 39. Qf5+ Kg8
40. c3 Qd6 41. b4 Bh6 42. a5 Qd2+ 43. Kb3 Qd1+ 44. Kc4 Qe2+ 45. Kb3 Qd1+ 46. Kc4
Qe2+ 47. Kc5 Qb5+ 48. Kd6 Bf8+ 49. Kc7 Qa6 50. Qe6+ Kh8 51. Qxe5+ Kg8 52. Qe6+
Kh8 53. Qc8 Qa7+ 54. Kxc6 Qg7 55. Kb5 Qe5+ 56. Ka4 Kg8 57. Qc4+ Kg7 58. Qd4 Kf6
59. a6 Ke6 60. Qxe5+ Kxe5 61. a7 1-0

[Event "40th World Junior Girls"]
[Site "Gandhinagar IND"]
[Date "2024.06.10"]
[Round "8.32"]
[White "Khairmode Dhanashree"]
[Black "Aswinika Mani R"]
[Result "1-0"]
[WhiteElo "1929"]
[BlackElo "1751"]
[WhiteFideId "25762184"]
[BlackFideId "25611518"]
[EventDate "2024.06.02"]

1. e4 c5 2. Nf3 d6 3. d4 cxd4 4. Nxd4 Nf6 5. Nc3 a6 6. Nb3 e5 7. Be2 Be7 8. O-O
Be6 9. Be3 O-O 10. a4 Nbd7 11. a5 Rc8 12. f3 Qc7 13. Qd2 Rfd8 14. Rfc1 Qb8 15.
Nd5 Nxd5 16. exd5 Bf5 17. c4 Bg6 18. Qe1 f5 19. Nd2 Bf6 20. Ra2 Re8 21. b4 f4
22. Bf2 e4 23. fxe4 Bxe4 24. Qd1 Bxd5 25. cxd5 Rxc1 26. Qxc1 Rxe2 27. Rc2 Re8
28. Nc4 Ne5 29. Qxf4 Rf8 30. Qf5 Kh8 31. Qe6 Nxc4 32. Rxc4 Re8 33. Qd7 h6 34.
Rc7 Rd8 35. Rxb7 Qa8 36. Qc6 Rf8 37. Rf7 Qd8 38. Rxf8+ Qxf8 39. Qxa6 Qe8 40. Qd3
Qe5 41. a6 Qa1+ 42. Qf1 Qa2 43. b5 Qxd5 44. b6 Bd4 45. b7 1-0

[Event "40th World Junior Girls"]
[Site "Gandhinagar IND"]
[Date "2024.06.10"]
[Round "8.33"]
[White "Singgih, Diajeng Theresa"]
[Black "Deepak, Laksshana"]
[Result "1-0"]
[WhiteTitle "WIM"]
[BlackTitle "WCM"]
[WhiteElo "1918"]
[BlackElo "1727"]
[WhiteFideId "7104391"]
[BlackFideId "25980548"]
[EventDate "2024.06.02"]

1. e4 c6 2. d4 d5 3. e5 Bf5 4. Ne2 e6 5. Ng3 Bg6 6. Be2 c5 7. c3 Nc6 8. dxc5
Bxc5 9. b4 Bb6 10. Bf4 Bxb1 11. Rxb1 g5 12. Be3 Nxe5 13. O-O h6 14. Bd4 Qc7 15.
Bb5+ Kf8 16. f4 gxf4 17. Rxf4 Qxc3 18. Ne2 Bxd4+ 19. Nxd4 Qe3+ 20. Rf2 Ke7 21.
Rb3 Qe4 22. Rc3 Kd6 23. Re2 Qf4 24. Rce3 f6 25. Re4 Qg5 26. Qc2 b6 27. Rxe5 fxe5
28. Qc6+ Ke7 29. Qd7+ Kf8 30. Nxe6# 1-0

[Event "40th World Junior Girls"]
[Site "Gandhinagar IND"]
[Date "2024.06.10"]
[Round "8.34"]
[White "Kirthika, B"]
[Black "Jesumarian, Rebecca"]
[Result "0-1"]
[WhiteElo "1724"]
[BlackElo "1866"]
[WhiteFideId "25981323"]
[BlackFideId "35094831"]
[EventDate "2024.06.02"]

1. e4 c5 2. Nf3 d6 3. d4 cxd4 4. Nxd4 Nf6 5. Nc3 a6 6. Bg5 e6 7. f4 Be7 8. Qf3
Qc7 9. O-O-O Nbd7 10. g4 h6 11. Bxf6 Bxf6 12. h4 Nb6 13. g5 Bxd4 14. Rxd4 Qc5
15. Qd3 hxg5 16. b4 Qc7 17. fxg5 e5 18. Rxd6 Be6 19. g6 Ke7 20. Rxb6 Qxb6 21.
Nd5+ Bxd5 22. Qxd5 Qe3+ 23. Kb1 Qe1+ 24. Kb2 Qxb4+ 25. Kc1 Qd4 26. Qxb7+ Kd6 27.
Rh3 Rhb8 28. Qxf7 Rf8 29. Rd3 Rxf7 30. Rxd4+ exd4 31. gxf7 Ke7 32. Bc4 Rh8 33.
Kd2 Rxh4 34. Kd3 g5 35. Kxd4 Rf4 36. Ke3 a5 37. Bd5 Kd6 38. Kd4 g4 39. c4 g3 40.
f8=Q+ Rxf8 41. e5+ Ke7 42. a4 Rf2 0-1

[Event "40th World Junior Girls"]
[Site "Gandhinagar IND"]
[Date "2024.06.10"]
[Round "8.35"]
[White "Shivamshika G"]
[Black "Zarkym, Ailin"]
[Result "1-0"]
[WhiteElo "1846"]
[BlackElo "1721"]
[WhiteFideId "33384959"]
[BlackFideId "13753207"]
[EventDate "2024.06.02"]

1. d4 Nf6 2. c4 e6 3. Nc3 Bb4 4. f3 d5 5. a3 Bxc3+ 6. bxc3 c5 7. cxd5 Nxd5 8.
dxc5 f5 9. Nh3 Qh4+ 10. g3 Qf6 11. Qd2 O-O 12. Bb2 Ne7 13. Bg2 Nbc6 14. c4 e5
15. f4 Ng6 16. O-O Re8 17. Ng5 h6 18. Bd5+ Kh8 19. Nf7+ Kh7 20. Nd6 Re7 21. fxe5
Ngxe5 22. Qc2 g6 23. e4 Qg5 24. exf5 gxf5 25. Nxc8 Rxc8 26. Rxf5 Qe3+ 27. Kh1
Qd3 28. Qf2 Ng4 29. Rf7+ Kg6 30. Qf4 h5 31. Rxe7 Nf2+ 32. Qxf2 Nxe7 33. Qf7+ Kg5
34. h4+ Kg4 35. Qf4+ Kh3 36. Bg2# 1-0

[Event "40th World Junior Girls"]
[Site "Gandhinagar IND"]
[Date "2024.06.10"]
[Round "8.36"]
[White "Akshaya Sathi"]
[Black "Pranavasri S"]
[Result "1-0"]
[WhiteElo "1833"]
[BlackElo "1610"]
[WhiteFideId "25130340"]
[BlackFideId "33406758"]
[EventDate "2024.06.02"]

1. e4 c5 2. Nf3 d6 3. d4 cxd4 4. Nxd4 Nf6 5. Nc3 a6 6. h3 e5 7. Nde2 Be7 8. g4
h6 9. Be3 Be6 10. Qd2 b5 11. Ng3 Nbd7 12. Rg1 Qa5 13. Bg2 Rc8 14. Nd5 Qxd2+ 15.
Kxd2 Nc5 16. Nxf6+ Bxf6 17. a3 Ke7 18. Rad1 Na4 19. Kc1 Rhd8 20. Nh5 g5 21. Rd2
Rc6 22. Rgd1 Rdc8 23. Kb1 Bh8 24. Ng3 Nb6 25. b3 Nd7 26. Nf5+ Bxf5 27. exf5 Nf6
28. Bxc6 Rxc6 29. Kb2 d5 30. c3 Bg7 31. f3 a5 32. Re1 b4 33. axb4 axb4 34. cxb4
Kd7 35. Rc1 Rd6 36. Bc5 Rc6 37. b5 Rc8 38. Kb1 d4 39. Ba7 Nd5 40. Rxc8 Kxc8 41.
Rc2+ Kb7 42. Bc5 Nf4 43. Ra2 Nd3 44. Ra7+ Kb8 45. Rxf7 Nxc5 46. Rxg7 d3 47. f6 1-0

[Event "40th World Junior Girls"]
[Site "Gandhinagar IND"]
[Date "2024.06.10"]
[Round "8.37"]
[White "Natura, Bethi"]
[Black "Saparya Ghosh"]
[Result "0-1"]
[WhiteElo "1697"]
[BlackElo "1833"]
[WhiteFideId "25048864"]
[BlackFideId "25771280"]
[EventDate "2024.06.02"]

1. d4 Nf6 2. c4 e6 3. Nf3 d5 4. Nc3 Bb4 5. Bg5 h6 6. Bxf6 Qxf6 7. e3 O-O 8. Bd3
dxc4 9. Bxc4 c5 10. O-O cxd4 11. Nxd4 a6 12. Ne4 Qe7 13. a4 b6 14. Rc1 Bb7 15.
Qg4 h5 16. Qf3 Nd7 17. Ba2 Nc5 18. Bb1 f5 19. Qxh5 fxe4 20. Ba2 Rf6 21. Qg4 Bd5
22. Qg5 Qf7 23. Rfd1 Rf8 24. h3 Nd3 0-1

[Event "40th World Junior Girls"]
[Site "Gandhinagar IND"]
[Date "2024.06.10"]
[Round "8.38"]
[White "Sherali Pattnaik"]
[Black "Drishtee Ghosh"]
[Result "1-0"]
[WhiteElo "1955"]
[BlackElo "1700"]
[WhiteFideId "25789449"]
[BlackFideId "25164074"]
[EventDate "2024.06.02"]

1. e4 c5 2. Nf3 d6 3. d4 cxd4 4. Nxd4 Nf6 5. Nc3 a6 6. Rg1 e5 7. Nb3 h5 8. Be3
Be6 9. h3 Be7 10. g4 d5 11. Nxd5 Nxd5 12. exd5 Bxd5 13. gxh5 Bf6 14. c4 Be6 15.
Qxd8+ Kxd8 16. O-O-O+ Kc7 17. Nc5 Bf5 18. Bg5 b6 19. Bxf6 gxf6 20. Bg2 Nc6 21.
Ne4 Rxh5 1-0

[Event "40th World Junior Girls"]
[Site "Gandhinagar IND"]
[Date "2024.06.10"]
[Round "8.39"]
[White "Asmita Avijit Ray"]
[Black "Sindhusree K"]
[Result "1/2-1/2"]
[WhiteElo "1692"]
[BlackElo "1846"]
[WhiteFideId "25786911"]
[BlackFideId "46616411"]
[EventDate "2024.06.02"]

1. d4 d5 2. c4 e6 3. g3 Nf6 4. Bg2 dxc4 5. Nf3 Nbd7 6. O-O Rb8 7. a4 a6 8. a5
Bd6 9. Nbd2 b5 10. axb6 Nxb6 11. e4 Nfd7 12. Qc2 O-O 13. Nxc4 Nxc4 14. Qxc4 Rb4
15. Qc2 Bb7 16. Bd2 Rb6 17. Bc3 f5 18. Nd2 Qa8 19. Nc4 Rb5 20. f3 Qe8 21. f4 Qa8
22. Rfe1 Bb4 23. Ra4 Bxc3 24. bxc3 Nb6 25. Nxb6 Rxb6 26. exf5 exf5 27. Ra5 Bxg2
28. Qxg2 Qxg2+ 29. Kxg2 Rb2+ 30. Kf3 Rf6 31. Rc5 c6 32. Re2 Rb5 33. Rce5 Rf8 34.
Ra2 Rb6 35. Ke3 g6 36. Kd3 Kf7 37. Kc4 Rfb8 38. Raa5 Ra8 39. Kc5 Rb5+ 40. Rxb5
cxb5 41. Kb6 Rc8 42. Kxa6 Rxc3 43. Kxb5 1/2-1/2

[Event "40th World Junior Girls"]
[Site "Gandhinagar IND"]
[Date "2024.06.10"]
[Round "8.40"]
[White "Varshita Jain"]
[Black "Sasvatha A"]
[Result "0-1"]
[BlackTitle "WCM"]
[WhiteElo "1676"]
[BlackElo "1825"]
[WhiteFideId "25681907"]
[BlackFideId "45010862"]
[EventDate "2024.06.02"]

1. e4 c6 2. d4 d5 3. e5 Bf5 4. Nf3 e6 5. Be2 c5 6. c3 cxd4 7. Nxd4 Ne7 8. Nd2
Nbc6 9. Qb3 Nxd4 10. cxd4 Qc7 11. Nf3 h6 12. Bd2 Nc6 13. Rc1 a6 14. Qa4 Qb6 15.
O-O Be7 16. Rc3 O-O 17. Rfc1 Qa7 18. Be3 Rfe8 19. a3 b5 20. Qd1 Na5 21. Qd2 Nc4
22. Bxc4 bxc4 23. g4 Be4 24. Ne1 Rab8 25. Bf4 Qb6 26. Rh3 Qxb2 27. Bxh6 Qxd2 28.
Bxd2 Rb3 29. Rcc3 Reb8 30. Bc1 Rb1 31. Kf1 Ra1 32. Ke2 Rbb1 33. f3 Bg6 34. f4
Ra2+ 35. Ke3 Be4 36. Nf3 0-1

[Event "40th World Junior Girls"]
[Site "Gandhinagar IND"]
[Date "2024.06.10"]
[Round "8.41"]
[White "Radhika Sharma"]
[Black "Fang, Kun"]
[Result "1-0"]
[BlackTitle "WCM"]
[WhiteElo "1651"]
[BlackElo "1803"]
[WhiteFideId "33398666"]
[BlackFideId "5819660"]
[EventDate "2024.06.02"]

1. Nf3 d5 2. d4 Nf6 3. c4 c6 4. g3 g6 5. Bg2 Bg7 6. O-O O-O 7. Nc3 dxc4 8. Ne5
Be6 9. a4 Nbd7 10. Nf3 h6 11. e4 Ne8 12. Qe2 Nc7 13. h3 Rc8 14. Rd1 a5 15. Be3
Na6 16. Nh4 g5 17. d5 gxh4 18. dxe6 fxe6 19. Qxc4 Kh7 20. Qxe6 Ndc5 21. Qc4 Qb6
22. e5 Qb4 23. Qe2 hxg3 24. fxg3 Qb3 25. Ra3 Qe6 26. Qc2+ Kh8 27. Ne2 Qf5 28.
Rd2 Qxc2 29. Rxc2 Ne6 30. Nf4 Nxf4 31. gxf4 Nb4 32. Rd2 Rcd8 33. Rxd8 Rxd8 34.
Bb6 Rd1+ 35. Kh2 Rd2 36. Rb3 Nd3 37. Bxa5 Rd1 38. Bf3 Rb1 39. Rxd3 1-0

[Event "40th World Junior Girls"]
[Site "Gandhinagar IND"]
[Date "2024.06.10"]
[Round "8.42"]
[White "Anushka Gupta"]
[Black "Modipalli Deekshitha"]
[Result "1/2-1/2"]
[WhiteElo "1766"]
[BlackElo "1678"]
[WhiteFideId "25660802"]
[BlackFideId "33389454"]
[EventDate "2024.06.02"]

1. e4 e5 2. Bc4 Nf6 3. d3 Bc5 4. Nc3 O-O 5. Nf3 d6 6. h3 c6 7. O-O h6 8. Bb3 Re8
9. Ne2 Bb6 10. Ng3 Nbd7 11. c3 Nf8 12. Bc2 d5 13. exd5 cxd5 14. d4 e4 15. Nh2
Bc7 16. f4 exf3 17. Qxf3 Qd6 18. Bf4 Qxf4 19. Qxf4 Bxf4 20. Rxf4 Ne6 21. Rff1
Ng5 22. Rae1 Bd7 23. Bd3 Nge4 24. Nxe4 dxe4 25. Bc4 Rac8 26. Bb3 Bb5 27. Rf4 Rc7
28. Nf1 Bd3 29. Ne3 b5 30. Rf5 a5 31. a3 Rd8 32. Nd5 Nxd5 33. Rxd5 Rxd5 34. Bxd5
Re7 35. Kf2 Kh7 36. Ba2 f5 37. Ke3 Kg6 1/2-1/2

[Event "40th World Junior Girls"]
[Site "Gandhinagar IND"]
[Date "2024.06.10"]
[Round "8.43"]
[White "Prakash Vaishnavi"]
[Black "Sagar, Siya"]
[Result "0-1"]
[WhiteElo "1632"]
[BlackElo "1732"]
[WhiteFideId "46660445"]
[BlackFideId "25098160"]
[EventDate "2024.06.02"]

1. e4 e5 2. Nf3 Nc6 3. Bc4 Bc5 4. d3 Nf6 5. Nc3 d6 6. Be3 Bb6 7. h3 Na5 8. Bb3
Nxb3 9. axb3 Bxe3 10. fxe3 c6 11. d4 Qe7 12. O-O O-O 13. Qe1 b5 14. b4 Re8 15.
d5 Bb7 16. Qd2 a6 17. Rad1 Rad8 18. dxc6 Bxc6 19. Nd5 Bxd5 20. exd5 Ne4 21. Qe1
Rc8 22. c3 Qa7 23. Kh2 h6 24. Nd2 Nf6 25. Qg3 Nxd5 26. Ne4 Nxe3 27. Nxd6 Nxd1
28. Rxd1 Rcd8 29. Nxe8 Rxe8 30. Rd6 Kf8 31. Rd5 Qe7 32. Qd3 e4 33. Qe3 Kg8 34.
Qc5 e3 35. Qxe7 Rxe7 36. Rd1 f5 37. Kg3 g5 38. Kf3 f4 39. Re1 Re6 40. g3 Rf6 41.
gxf4 gxf4 0-1

[Event "40th World Junior Girls"]
[Site "Gandhinagar IND"]
[Date "2024.06.10"]
[Round "8.44"]
[White "Aditri Shome"]
[Black "Prasiddhi Bhat"]
[Result "1-0"]
[WhiteElo "1620"]
[BlackElo "1715"]
[WhiteFideId "25164198"]
[BlackFideId "25602217"]
[EventDate "2024.06.02"]

1. d4 d5 2. c4 e6 3. Nc3 Nf6 4. cxd5 exd5 5. Bg5 Be7 6. Qc2 c6 7. e3 Nbd7 8. Bd3
O-O 9. Nf3 Re8 10. O-O Ne4 11. Bxe7 Qxe7 12. Bxe4 dxe4 13. Nd2 Nf6 14. Nc4 Nd5
15. Nxd5 cxd5 16. Na3 Qg5 17. Qc7 h5 18. Qg3 Qxg3 19. hxg3 Bd7 20. Rac1 Rac8 21.
Rfd1 Kf8 22. Rc5 Bc6 23. Rdc1 a6 24. R1c3 Ke7 25. Nc2 Bd7 26. Nb4 Rxc5 27. Rxc5
Be6 28. Nxd5+ Bxd5 29. Rxd5 Rc8 30. b4 Rc1+ 31. Kh2 Rc2 32. Re5+ Kd6 33. Rxe4
Rxf2 34. Rf4 Rxa2 35. Rxf7 Kc6 36. e4 Rb2 1-0